| 000 | 00354nam a2200121Ia 4500 | ||
|---|---|---|---|
| 008 | 190216s9999||||xx |||||||||||||| ||und|| | ||
| 100 | _aLewin B Bowring | ||
| 245 | 0 | _aHaidar Ali And Tipu Sultan And The Struggle With The Musalman Powers Of The South | |
| 260 |
_bIdarah-1 Adabiyat-1 _c1974 |
||
| 300 | _a227p | ||
| 650 | _aHistory Of Malaya | ||
| 942 | _cBK | ||
| 999 |
_c19393 _d19393 |
||